MARC

LEADER 00000nam0a2200000 4500
001 298714
005 20231102001130.0
020 |a RU  |b 82-81221 
035 |a (RuTPU)RU\TPU\book\323857 
090 |a 298714 
100 |a 20150620d1982 k y0rusy5003 ca 
101 0 |a rus 
102 |a RU 
105 |a a z 001zy 
200 1 |a Квазиэлектронные и электронные АТС  |f М. Ф. Лутов, М. А. Жарков, П. А. Юнаков 
210 |a Москва  |c Радио и связь  |d 1982 
215 |a 262 с.  |c ил. 
320 |a Библиогр.: с. 252-258 
320 |a Предметный указатель: с. 258-260 
606 1 |a Телефонные станции, автоматические электронные  |x Коммутация  |2 stltpush  |3 (RuTPU)RU\TPU\subj\59364  |9 76924 
610 1 |a электронные АТС 
610 1 |a квазиэлектронные АТС 
610 1 |a передача 
610 1 |a структурные схемы 
610 1 |a коммутационные поля 
610 1 |a программное управление 
610 1 |a программное обеспечение 
610 1 |a сети связи 
610 1 |a электропитание 
675 |a 621.395.345  |v 4 
700 1 |a Лутов  |b М. Ф.  |g Михаил Федорович 
701 1 |a Жарков  |b М. А.  |g Михаил Александрович 
701 1 |a Юнаков  |b П. А.  |g Павел Александрович 
801 0 |a RU  |b RuMRKP  |c 19950704  |g psbo 
801 1 |a RU  |b 63413507  |c 20150620 
801 2 |a RU  |b 63413507  |c 20180614  |g RCR 
942 |c BK